[Event "Kramatorsk"]
[Site "Kramatorsk"]
[Date "2003.08.07"]
[Round "14"]
[White "Kuzmin, Gennadi P"]
[Black "Kulicov, Oleg Anatolie"]
[Result "1/2-1/2"]
[WhiteElo "2516"]
[BlackElo "2460"]
[Annotator "Postny,E"]
[PlyCount "68"]
[EventDate "2003.07.29"]
[EventType "tourn"]
[EventRounds "14"]
[EventCountry "UKR"]
[EventCategory "10"]
[SourceTitle "CBM 097"]
[Source "ChessBase"]
[SourceDate "2003.11.11"]
[SourceVersion "1"]
[SourceVersionDate "2003.11.11"]
[SourceQuality "1"]

1. e4 e5 2. Nf3 Nc6 3. d4 exd4 4. Nxd4 Bb4+ 5. c3 Bc5 ({The main alternative is
} 5... Be7) 6. Nb3 {A rare continuation, which does not promise white an
advantage.} (6. Be3 Bb6 {- see the annotated games Kasparov,G-Unzicker,W/
Zurich rapid 2001/CBM 83 [Postny] and Ni Hua-Tkachiev,V/Shanghai 2001/CBM 85 
[Postny]}) ({The following game was played in the same tournament few rounds
before:} 6. Bc4 Nf6 7. Nxc6 bxc6 8. e5 Qe7 9. O-O Qxe5 10. Re1 Ne4 11. Be3 Bxe3
12. Rxe3 O-O 13. Qe1 d5 14. Bd3 Qg5 15. Bxe4 dxe4 16. Rxe4 Bh3 17. g3 Rab8 $132
{1/2-1/2 Arzumanian,G-Kulicov,O/Kramatorsk 2003/CBM 97 (48)}) 6... Bb6 7. c4 {
This position can arise after the following order of moves: 4...Bc5 5.Nb3 Bb6
6.c4.} d6 8. Nc3 Nge7 $146 {Logical, but a bit passive.} ({More aggressive is} 
8... Qh4 9. c5 $6 (9. g3 $142 Qf6 10. Qe2) 9... dxc5 10. Be3 Bg4 11. Qd2 Rd8
12. Nd5 Be6 13. Qc3 Qxe4 14. Nxb6 axb6 15. Qxg7 Qe5 16. Qxe5 Nxe5 $17 {
Randviir,J-Bronstein,D/Parnu 1947}) ({Also possible} 8... Qf6) 9. Qe2 $6 {
White is planning queenside castling, but this plan looks too slow.} ({More
natural is} 9. Be2 $11 {[%cal Ye1g1] with following short castle.}) 9... O-O
10. Be3 Bxe3 $6 {This exchange assists white to complete his development
safely.} ({More in principle would have been} 10... f5 $1 $36 11. O-O-O (11. c5
$6 dxc5 12. Nxc5 f4 13. Rd1 Qe8 $17) 11... f4 $15) 11. Qxe3 f5 12. O-O-O fxe4 (
{Comes into consideration} 12... f4 13. Qd2 Be6 14. Nd5 Ne5 (14... Ng6 $6 15.
c5 $14) 15. Nxf4 Nxc4 16. Nxe6 Nxd2 17. Nxd8 Nxb3+ 18. axb3 Raxd8 $11) 13. Nxe4
Nf5 14. Qc3 Qe7 15. Bd3 Qe5 {The safest continuation.} ({The alternative can be
} 15... Be6 16. Rhe1 Rae8) 16. g3 Be6 17. Rhe1 Qxc3+ (17... Rae8 $6 18. Qd2 $1
{[%csl Re5] and black's queen feels uncomfortable.}) 18. Nxc3 Ne5 $5 (18...
Rae8 {would have been safer.}) 19. Be4 $1 Bxc4 (19... Rae8 20. Nd5 $14) 20. Na5
$5 (20. Bxb7 Rab8 21. Bd5+ Bxd5 22. Nxd5 $11 c6 {and black is not worse.})
20... Ba6 21. f4 Ng4 22. Nd5 {Threatening by the way 23.Bxf5 followed by 24.
Ne7+.} Kh8 $6 {As it can be seen from the continuation of the game black will
have some problems with the 8th rank.} (22... g6 $1 23. Kb1 $6 (23. Bc2 $142)
23... Nf2 24. Nxc7 Nxd1 25. Nxa8 Nf2 26. Bd5+ Kh8 27. Nc7 Bd3+ 28. Ka1 Nd4 $17)
23. Nxc7 ({Probably stronger would have been} 23. Nb4 Nf2 24. Nxa6 Nxe4 25.
Nxc7 Rac8 26. Rxe4 Rxc7+ 27. Kb1 $14) 23... Rac8 24. Kb1 $1 Nf2 $2 {Going for
complications, which turn out to be in white's favour.} (24... Rxc7 25. Bxf5 {
[%csl Ge1] Now the drawbacks of 22...Kh8 are clear.} Nxh2 26. Bxh7 (26. Rxd6 g5
$1 $15) 26... Kxh7 27. Rh1 $11) 25. Nxa6 Nxd1 26. Bxb7 Nfe3 27. Bxc8 ({
Interesting is} 27. Bf3 $6 Rf5 28. Nc6 Rb5 29. Rxe3 (29. Ncb4 Nc2 30. Nxc2
Rxb2+ 31. Ka1 Rbxc2 32. Rxd1 Rxh2 $44) 29... Nxe3 30. Nxa7 Rbc5 31. Nxc5 Rxc5
32. b4 Rc2 $14) 27... Rxc8 28. Re2 h5 29. Nb3 Nc4 30. Nb4 $2 {Spoiling the
advantage.} (30. Re7 Ncxb2 31. Rxa7 {with good winning chances.}) 30... a5 $1
$132 {This pawn plays an important role in black's counterplay.} 31. Nd3 a4 32.
Na5 ({After} 32. Nd4 a3 $1 {white is suddenly in trouble.}) 32... Na3+ {
Black decided to force a perpetual check.} (32... Nxa5 33. Re1 {[%csl Rd1]}
Nxb2 34. Nxb2 a3 35. Nd3 $11) 33. Ka1 Nc2+ 34. Kb1 Na3+ 1/2-1/2

[Event "EU-Cup 18th"]
[Site "Kallithea"]
[Date "2002.09.22"]
[Round "1.4"]
[White "Macieja, Bartlomiej"]
[Black "Steflitsch, Erich"]
[Result "1/2-1/2"]
[WhiteElo "2607"]
[BlackElo "2399"]
[Annotator "Postny,E"]
[PlyCount "122"]
[EventDate "2002.09.22"]
[EventType "team-swiss"]
[EventRounds "7"]
[EventCountry "GRE"]
[SourceTitle "CBM 092"]
[Source "ChessBase"]
[SourceDate "2003.02.06"]
[SourceVersion "1"]
[SourceVersionDate "2003.02.06"]
[SourceQuality "1"]
[WhiteTeam "Warsaw Polonia"]
[BlackTeam "Klagenfurt"]
[WhiteTeamCountry "POL"]
[BlackTeamCountry "AUT"]

1. e4 e5 2. Nf3 Nc6 3. d4 exd4 4. Nxd4 Nf6 5. Nxc6 bxc6 6. e5 Qe7 7. Qe2 Nd5 8.
c4 Nb6 9. Nc3 Bb7 {This plan connected with black's long castle is out of
fashion nowadays. The most popular alternatives are 9...Qe6 and 9...a5.} 10.
Bd2 $1 O-O-O ({Probably better is} 10... d5 $5) 11. O-O-O Re8 {This move does
not solve black's problems, but the position favours white anyway.} (11... g6
12. h4 h6 13. f4 d5 14. exd6 cxd6 15. h5 Qc7 $16 {1/2-1/2 De la Villa Garcia,
J-Korneev,O/Mondariz 2000/EXT 2001 (15)}) 12. Re1 $146 (12. f4 f6 13. exf6 gxf6
14. Qh5 Rd8 15. Bd3 $16 {1-0 Motylev,A-Zhang Zhong/Linares 2001/CBM 81 (43)})
12... Qe6 (12... d5 13. exd6 Qxe2 14. d7+ Nxd7 15. Bxe2 $14) 13. f4 Bb4 $6 {
The bishop has actually nothing to do here.} (13... d5 $14) 14. Qf2 d5 {
Now this strike is not so effective, but it's very hard to point out any
improvement.} (14... c5 15. a3 Bxc3 16. Bxc3 Nxc4 17. Qxc5 $16) 15. a3 $1 Bxc3
{This exchange is a sad necessity for black.} (15... Bf8 16. c5 Nd7 17. b4 {
and black is completely squeezed.}) 16. Bxc3 dxc4 {Materially speaking, black
is even a pawn up, but his position is strategically lost.} 17. Rd1 {Macieja
choses the solid continuation without giving black any active counterplay.} (
17. f5 {looks also very promising.}) 17... Rd8 18. Be2 Nd5 $6 ({Better
practical chance seems to be} 18... c5 {to realive the light-squared bishop.})
19. Bxc4 Qf5 20. Bd2 {White's position is strategically winning, so black must
seek for some tactical chances.} g5 21. g3 gxf4 22. gxf4 Rhg8 23. Rhg1 ({
The capture of the Pa7 would give black serious counterchances:} 23. Qxa7 $2
Nxf4 24. Rhf1 Nd3+) 23... Rg6 24. Rg3 Nb6 25. Be2 c5 $1 {This is black's best
practical chance. Black is opening up his bishop, with hope to get a
counterplay on the light squares, however white's position is solid enough to
frustrate black's ideas.} 26. Rxg6 ({The immediate capture of the Pc5 was good
enough as well:} 26. Qxc5 Kb8 (26... Rd5 27. Qc2 $18) (26... Rc6 27. Qxc6 Bxc6
28. Bg4 Qxg4 29. Rxg4 Bf3 30. Rdg1 $18) 27. Rxg6 hxg6 28. Be3 $18) 26... hxg6
27. Qxc5 Rd5 28. Qg1 $6 ({More logical would be} 28. Qe3 {covering the e4
square.}) 28... Kb8 29. Be3 ({Again} 29. Qe3 {seems to be more precise.}) 29...
Qe4 {[%csl Ge4]} 30. Qf2 Nc4 $6 {It was not necessary to sacrifice another
pawn, but probably black was going for "all or nothing".} (30... Bc8 $5 {
[%cal Gc8f5]} 31. Qf3 Rxd1+ 32. Bxd1 Qc4+ {and black has some chances to
survive.}) 31. Bxa7+ Ka8 32. Bd4 $4 {[%mdl 8192] One move is enough to turn
out the winning position into a lost one!} (32. Rxd5 Bxd5 33. Bd4 Na5 34. Kd2
Nb3+ 35. Kc3 {and black is not able to create any serious threats, which will
conpensate the lack of two pawns.}) {[%tqu "En","Suddenly black has a chance
to turn the game in his favour. How?","","","c4a5","Certainly overlooked by
white. The threat 33...Nb3 can not be parried in a satisfactory way.",10]}
32... Na5 $1 $19 {Certainly overlooked by white. The threat 33...Nb3 can not
be parried in a satisfactory way.} 33. b4 $8 (33. Qe3 Rxd4 $19) 33... Nb3+ 34.
Kb2 Rxd4 35. Kc3 (35. Kxb3 Rxd1 36. Bxd1 Qd3+ $19) 35... Qc6+ (35... Rxd1 36.
Bxd1 Qc6+ {is a transposition.}) 36. Kxb3 Qd5+ 37. Kb2 (37. Kc2 $2 Rxd1 38.
Bxd1 Qa2+ {[%csl Rf2] winning the queen.}) 37... Rxd1 38. Bxd1 Qxd1 {Black's
position is certainly winning, but he still has to work hard to get a full
point.} 39. Qc5 Qd2+ 40. Kb3 Qd1+ (40... Qd5+ $2 41. Qxd5 Bxd5+ 42. Kc3 Kb7 43.
Kd4 Bb3 44. Kc5 {and it's not clear, how black can win this endgame.}) 41. Kb2
Qd2+ 42. Kb3 Bd5+ 43. Ka4 Qd1+ 44. Ka5 Qd3 $2 {This move allows white to
escape for a draw.} ({Good enough was} 44... Kb8 {simply defending the Pc7. If
now white tries to win the Pf7, his king will be in trouble after} 45. Qb5+ Bb7
46. Qe8+ Ka7 47. Qxf7 Qd3 $19 {[%csl Ra5]}) 45. Qxc7 {An important pawn to
eliminate! Now the black K is not safe either. Therefore black must trade
queens and go for the drawish endgame.} Qxa3+ 46. Kb5 {Surprisingly, but the
win is already gone.} Qd3+ (46... Qa7 47. Qd8+ Qb8+ 48. Qxb8+ Kxb8 49. Kc5 {
leads to a draw just like in the game.}) 47. Kb6 Qd4+ 48. Qc5 Qxc5+ 49. Kxc5 $1
$11 ({After} 49. bxc5 $2 Kb8 {white is losing, because his king will not be
able to penetrate to the kingside.}) 49... Be6 50. Kc6 Kb8 51. h4 Kc8 52. Kd6
Kb7 (52... Kd8 53. b5 Bc4 54. b6 Kc8 55. Ke7 Kb7 56. Kf6 Kxb6 57. f5 gxf5 58.
Kxf5 Kc5 59. h5 Kd4 60. h6 Bd3+ 61. Kf6 $11) 53. Ke7 Kc6 54. Kf6 Kb5 55. f5
gxf5 56. Kg5 $1 (56. h5 $4 f4 {and after the mutual promotions black should
win the resulting endgame.}) 56... f4 $1 {Black has to be careful too!} (56...
Kxb4 $4 57. Kf4 $1 $18 {[%csl Gh4]}) 57. Kxf4 Kxb4 58. h5 Bb3 59. Kg5 Kc5 60.
h6 Bc2 61. Kf6 Kd5 1/2-1/2

[Event "RUS-ch 54th"]
[Site "Elista"]
[Date "2001.05.01"]
[Round "2"]
[White "Motylev, Alexander"]
[Black "Jakovenko, Dmitrij"]
[Result "1/2-1/2"]
[WhiteElo "2601"]
[BlackElo "2521"]
[Annotator "Postny,E"]
[PlyCount "82"]
[EventDate "2001.04.29"]
[EventType "swiss"]
[EventRounds "9"]
[EventCountry "RUS"]
[SourceTitle "CBM 083"]
[Source "ChessBase"]
[SourceDate "2001.07.05"]
[SourceVersion "1"]
[SourceVersionDate "2001.07.05"]
[SourceQuality "1"]

1. e4 e5 2. Nf3 Nc6 3. d4 exd4 4. Nxd4 Nf6 5. Nxc6 bxc6 6. e5 Qe7 7. Qe2 Nd5 8.
c4 Ba6 9. b3 g5 {Since the game Kasparov-Anand in match 1995 this move gained
popularity.} 10. g3 Bg7 11. Bb2 O-O-O 12. Nd2 (12. Bg2 Rde8 13. O-O Bxe5 14.
Qxe5 Qxe5 15. Bxe5 Rxe5 16. cxd5 Bxf1 17. Kxf1 cxd5 18. Nc3 c6 19. Rc1 Kb7 20.
Na4 Re7 21. Nc5+ Kb6 22. Bf3 d6 23. Nd3 a5 24. Bg2 Ra8 25. a4 Raa7 26. Bf3 h6
27. h3 f6 28. Kg2 {1/2-1/2 Kreiman,B-Giorgadze,G/Ubeda 1999/CBM 68 ext (28)})
12... Nb4 13. Nf3 Rhe8 14. Bh3 c5 $1 $146 {[%csl Yb4,Yc6][%cal Yb4c6,Ya6b7]
[%mdl 8]} (14... h5 15. a3 g4 16. axb4 gxf3 17. Qxf3 Qxb4+ 18. Kf1 Bb7 19. Rxa7
c5 20. Ra8+ Bxa8 21. Qxa8+ Qb8 22. Qa1 c6 $2 (22... Qb7 23. Bg2 c6) 23. e6 Bxb2
24. exd7+ Rxd7 25. Qxb2 $18 {1-0 Baklan,V-Pedersen,N/Brussels 2000/EXT 2001 
(45)}) 15. Bg4 (15. O-O $6 h5 $1 {Now it's much stronger, then on the previous
move.Black has the advantage.}) 15... f6 {The most logical way to emphasize
black's development advantage.} ({The manoeuvre} 15... Kb8 {[%cal Gd7d5] is
too slow.} 16. O-O d5 17. Rfe1 $13) 16. Bh5 fxe5 $5 {This interesting exchange
sacrifice leads to a promising position for black, however simple 16...Rf8
wasn't worse.} (16... Rf8 17. O-O (17. a3 $2 Nc6 18. exf6 Qxe2+ 19. Kxe2 Bxf6
$36 {[%csl Yd4,Re2]}) 17... Nc6 18. Rfe1 f5 $1 {[%csl Yh5][%cal Gg5g4]} 19. e6
Bxb2 20. exd7+ Qxd7 21. Qxb2 g4) 17. Bxe8 Rxe8 18. O-O ({No good is} 18. a3 {
in view of} Nd3+ $1 19. Qxd3 e4 20. Qd2 $8 exf3+ 21. Kd1 Qe2+ 22. Qxe2 fxe2+
23. Kc2 Bxb2 24. Kxb2 Rf8 $17) 18... Bb7 19. Rfe1 (19. Rad1 {was probably more
safe keeping e1 square free for the knight.} e4 20. Bxg7 Qxg7 21. a3 g4 22. Nh4
Nc6 $44) 19... e4 (19... Bxf3 20. Qxf3 e4 21. Rxe4 Qxe4 22. Qxe4 Rxe4 23. Bxg7
Re2 24. a3 Nd3 25. Rf1 g4 26. f4 Ne1 27. Rf2 Nf3+ 28. Kg2 {with sharp,
probably equal endgame.}) (19... Nc6 $44) 20. Rad1 (20. Bxg7 Qxg7 21. Rad1 Re6
{with an advantage.}) 20... g4 (20... Bxb2 $6 21. Qxb2 Rf8 22. Ne5 $1 $14 {
[%csl Rd7][%cal Ye5g4,Yg4e3,Ga2a3]}) 21. Nh4 e3 22. Bxg7 Qe4 ({Not of course} 
22... Qxg7 $2 23. fxe3 {and black's compensation for the exchange is
insufficient.}) 23. fxe3 (23. Nf3 $2 Qxf3 24. Qxf3 Bxf3 $17) 23... Qh1+ 24. Kf2
Qxh2+ 25. Kf1 Qxg3 (25... Qh1+ $6 26. Kf2 Qh2+ $11) 26. Ng2 $1 (26. Qf2 $2 Qh3+
27. Ng2 g3 28. Qg1 Qf5+ 29. Nf4 Qg4 $19 {[%cal Rg4f3]}) 26... Re7 27. Qf2 $8 {
White have to abandon his bishop, otherwise white king will fall in real
trouble.} (27. Bc3 $2 Qh3 {[%cal Rh3h1]} 28. Kg1 g3 $19) 27... Qxf2+ 28. Kxf2
g3+ (28... Rxg7 29. Rd2 (29. Rh1 $2 Nxa2 30. Ra1 Rf7+ $1 31. Kg3 Nc3 32. Rhf1
Rxf1 33. Rxf1 Bf3 $17 {[%csl Rb3][%cal Gf3d1]}) 29... g3+ 30. Kg1 Be4 31. Rf1
Nd3 32. Rf8+ Kb7 33. Re8 Nf2 34. Nf4 Rg4 {[%cal Rg4h4]} 35. Rxe4 $1 Nxe4 36.
Rxd7 $132) 29. Kg1 Rxg7 {[%mdl 1024] Black has two pawns and a strong bishop
for the exchange, in spite of this white's resources are sufficient for the
equality, mostly because there are enough space for the rooks.} 30. Rf1 Kd8 31.
Rd2 (31. Nf4 $6 {[%cal Gf4e6]} Ke7) 31... Ke8 32. Rf5 d6 33. Nf4 Re7 34. Nd5
Nxd5 35. cxd5 Rxe3 36. Rh5 Re5 (36... Ba6 37. Rxh7 Bd3 38. Rxc7 Be4 39. Kf1 Rc3
({After} 39... g2+ 40. Rxg2 Bxg2+ 41. Kxg2 Re2+ 42. Kf3 Rxa2 {black is a pawn
up, but his king is very passive, so the result would be a draw.}) 40. Rd1 g2+
41. Kg1 Rh3 42. Kf2 Rf3+ 43. Kg1 Rh3 44. Kf2 $11) 37. Rxe5+ dxe5 38. Re2 {
Now the draw is inevitable.} Kd7 39. Rxe5 Kd6 40. Rg5 Bxd5 41. Rxg3 c4 1/2-1/2

[Event "Tan Chin Nam Cup 7th"]
[Site "Shanghai"]
[Date "2001.07.17"]
[Round "8"]
[White "Ni, Hua"]
[Black "Tkachiev, Vladislav"]
[Result "0-1"]
[WhiteElo "2528"]
[BlackElo "2642"]
[Annotator "Postny,E"]
[PlyCount "58"]
[EventDate "2001.07.09"]
[EventType "tourn"]
[EventRounds "9"]
[EventCountry "CHN"]
[EventCategory "16"]
[SourceTitle "CBM 085"]
[Source "ChessBase"]
[SourceDate "2001.11.13"]
[SourceVersion "1"]
[SourceVersionDate "2001.11.13"]
[SourceQuality "1"]

1. e4 e5 2. Nf3 Nc6 3. d4 exd4 4. Nxd4 Bb4+ 5. c3 Bc5 6. Be3 {The alternative
possibility is 6.Nc6.} Bb6 7. Nxc6 {Besides white has several options:} (7. Qg4
$5 {see the game Kasparov,G-Unzicker,W/Zuerich rapid 2001/CBM 83 [Postny]}) (7.
Bc4) (7. Be2) (7. Nf5) (7. Qa4 $5 {-see the game Van der Wiel,J-Ernst,S /
NLD-ch 1998.CBM 66[Mikhalevski V.]}) (7. Nd2 {-see the game Hoen,R-Miles,A /
EUCup 1997/CBM 62 [Mikhalevski V.]}) 7... bxc6 8. Bd4 $1 (8. Qd2 Nf6 9. Bd3 O-O
10. O-O Re8 $15) 8... Nf6 9. e5 (9. Bd3 $5 c5 10. Be3 Bb7 11. Nd2 O-O 12. O-O
d5 $11) 9... Qe7 $146 (9... Nd5 10. Bc4 O-O 11. O-O d6 {see the game Sutovsky,
E-Onischuk,A/Rubinstein mem 36th 1999/CBM 73 [Mikhalevski V.]}) 10. Be2 Nd5 {
[%cal Gc6c5]} 11. Bf3 $6 ({A move, that deserved close attention is:} 11. O-O
$5 {ignoring black's threat (c6-c5).} c5 12. Bf3 cxd4 (12... Bb7 13. c4 cxd4
14. cxd5 $13) (12... c6 13. c4 cxd4 14. cxd5 $13) 13. Bxd5 c6 14. Bc4 dxc3 15.
Nxc3 $14) 11... O-O (11... Ba6 $1 12. Bxd5 cxd5 13. Bxb6 axb6 14. Qxd5 O-O $36)
12. O-O Ba6 13. Re1 Nf4 14. Be4 (14. b3 $6 {[%cal Gc3c4]} Rae8 {[%csl Re1]
[%cal Gf7f6]} 15. Qd2 Nd3 16. Be2 Nxe5 $1 {even better, than 16...Ne1.} 17.
Bxa6 Nf3+ 18. gxf3 Qxe1+ 19. Kg2 Re6 $17 {->}) 14... Rab8 15. Bxb6 $2 (15. Qd2
Qg5 16. Kh1 f6 17. g3 Nd3 18. f4 Qg4 19. Bxd3 Qf3+ 20. Kg1 Bxd3 21. Bxb6 Rxb6
22. Qe3 $11) 15... Rxb6 16. Qd2 {[%tqu "En","Find the best move for black.","",
"","f7f5","",10]} f5 $1 {After this strong move Rf8 comes into the action.
White is in trouble...} 17. exf6 (17. Qxf4 $2 fxe4 18. Qxe4 Rxb2 $19) 17...
Qxf6 18. b3 Rb5 $1 {[%cal Gb5g5]} 19. Na3 $2 {The N on a3 isn't taking part in
the defense at all.Had it been developed on d2, it might have helped.} (19. Qe3
{[%cal Yb1d2]} Qg5 (19... Rg5 $6 20. Nd2 d5 21. Bf3 c5 22. g3 d4 23. cxd4 cxd4
24. Qe7) 20. c4 (20. Nd2 Re5 $17) 20... Re5 21. h4 $1 (21. Nc3 Rxe4 22. Qxe4
Nh3+ $19) 21... Qg4 22. Qg3 Qe6 23. Nc3 Bb7 $17) (19. Re3 $6 Rg5 $40) 19... Rg5
{Now all black pieces are taking part in the attack.White's position is lost.}
20. Kh1 ({If} 20. Re3 {then} {[%tqu "En","Please enter a move for black.","",
"","g5g2","",10]} Rxg2+ $1 21. Bxg2 Qg5 22. f3 (22. Rg3 Nh3+ $19 {[%csl Rd2]})
22... Nxg2 $19 {[%csl Re3]}) 20... Rh5 21. Re3 Qh4 22. h3 d5 23. Bc2 Qg5 24.
Rg1 (24. Rg3 Nxh3 $1 {[%csl Rd2]} 25. Rxg5 Nxf2+ 26. Kg1 Rh1#) 24... Bf1 $1 {
[%csl Rg2][%mdl 2176] Just overloading "from the books".} 25. Kh2 Nxg2 (25...
Bxg2 $142 26. Rg3 Qxg3+ 27. Kxg3 Rxh3+ 28. Kg4 Bf3+ 29. Kg5 {and black can
choose according to taste from 3! possible mates...}) 26. Rd3 Qe5+ 27. f4 Nxf4
28. Rdg3 Rxh3+ 29. Rxh3 Nxh3+ 0-1

[Event "Sigeman & Co 11th"]
[Site "Malmo"]
[Date "2003.04.29"]
[Round "1"]
[White "Sutovsky, Emil"]
[Black "Hector, Jonny"]
[Result "1-0"]
[WhiteElo "2652"]
[BlackElo "2553"]
[Annotator "Postny,E"]
[PlyCount "53"]
[EventDate "2003.04.29"]
[EventType "tourn"]
[EventRounds "9"]
[EventCountry "SWE"]
[EventCategory "13"]
[SourceTitle "CBM 095"]
[Source "ChessBase"]
[SourceDate "2003.07.25"]
[SourceVersion "1"]
[SourceVersionDate "2003.07.25"]
[SourceQuality "1"]

1. e4 e5 2. Nf3 Nc6 3. d4 exd4 4. Nxd4 Qf6 5. Be3 Bc5 6. c3 Qg6 {Interesting
move, which is regurlarly played by Hector. The main theoretical line goes
with 6...Nge7.} 7. Qf3 {[%cal Gd4b5] This is a fashionable way to meet the 6...
Qg6 variation. The main alternative is 7.Nd2. More information about this
opening variation you can find in survey on 6...Qg6 in CBM 93.} Bb6 $2 $146 {
This mistake is hard to explain, since grandmaster Hector is an expert of this
opening variation. The main reply 7...Ne5 can be recommended.} ({For instanse:
} 7... Ne5 8. Qe2 Nh6 9. f4 Neg4 10. f5 Qf6 11. Bg1 O-O 12. Nd2 Ne5 13. O-O-O
$13 {1-0 Ponomariov,R-Sokolov,I/Istanbul 2000 (44)}) 8. Nb5 $1 {Black is
already in trouble.} Nd8 $6 {[%cal Yg6b6] This manoeuvre only hurts black.} ({
The least of the evils for black would have been} 8... Kd8) 9. Nd2 $1 (9. Bxb6
$6 Qxb6 10. Qg3 {[%csl Rc7,Rg7]} Ne6 11. Bc4 g6 12. Bxe6 Qxb5 {and black
survives.}) 9... Ne6 (9... a6 10. Bxb6 Qxb6 11. Nc4 Qxb5 12. Nd6+ cxd6 13. Bxb5
axb5 14. Qg3 {and in spite of the material equality, black's position is lost,
because of bad pieces coordination and numerous pawn weaknesses.}) (9... Ne7
10. Bxb6 Qxb6 11. Nc4 Qc5 12. b4 Qc6 13. e5 d5 14. exd6 Qxb5 15. dxe7 Kxe7 16.
Bd3 {[%csl Re7] is another unattractive variation for black.}) (9... Qc6 10.
Bxb6 axb6 11. Qg3 Ne6 12. Bc4 {bad for black as well.}) 10. Bxb6 axb6 11. Bc4
Ke7 (11... Kd8 12. Bxe6 Qxe6 13. Qg3 $18 {[%csl Rc7,Rg7]}) 12. Bxe6 fxe6 13.
Nxc7 $18 {A complete opening disaster for Hector in this game.} Ra5 14. b4 Rg5
15. g3 {There are only negative aspects in black's position. The white Nc7 can
not be trapped, since white has any time the move Nc7-a8! at his disposal.} Nf6
(15... Kd8 16. Na8 $18 {[%csl Rb6]}) 16. Qe3 Ng4 17. Qxb6 {White is already
two pawns up.} Rf8 18. f4 Rh5 19. O-O-O Nxh2 20. Qg1 Ng4 21. Rxh5 Qxh5 22. Nc4
Kf7 23. Nd6+ {The black Bc8 is now buried forever.} Kg8 24. Qd4 e5 25. Qc4+ Kh8
26. Nd5 {[%csl Rc8]} exf4 27. Nxf4 {Another material losses are inevitable.}
1-0